Business strategues policies: (Record no. 198829)

MARC details
000 -LEADER
fixed length control field 00568nam a22001817a 4500
005 - DATE AND TIME OF LATEST TRANSACTION
control field 20231121163400.0
010 ## - LCCN (DPL NO)
LC control number ENG-138278
020 ## - INTERNATIONAL STANDARD BOOK NUMBER
International Standard Book Number 9789390746620
Terms of availability 990.00
035 ## - SYSTEM CONTROL NUMBER
System control number EN-121810
037 ## - SOURCE OF ACQUISITION
Source of stock number/acquisition DBAD/PUB
082 ## - DEWEY DECIMAL CLASSIFICATION NUMBER
Classification number 658.4
Item number 1
100 ## - MAIN ENTRY--PERSONAL NAME
Personal name Paul.Ayivi
245 ## - TITLE STATEMENT
Title Business strategues policies:
Statement of responsibility, etc By Ayivi Paul
Remainder of title Finance Management book/
260 ## - PUBLICATION, DISTRIBUTION, ETC. (IMPRINT)
Place of publication, distribution, etc Kolkata
Name of publisher, distributor, etc Exceller books
Date of publication, distribution, etc 2022
270 ## - ADDRESS
Address G 1 Dream apartment degree college road belgharia
City Kolkata
Postal code 700056
300 ## - PHYSICAL DESCRIPTION
Extent 85p.
Dimensions 22cm(pbk)
942 ## - ADDED ENTRY ELEMENTS (KOHA)
Source of classification or shelving scheme Dewey Decimal Classification
Item type English Books
Classification part 658.4
Call number suffix PAU
Holdings
Withdrawn status Lost status Not for loan Collection code Home library Current library Date acquired Source of acquisition Cost, normal purchase price Full call number Barcode Copy number Cost, replacement price Koha item type
      Non-fiction D.B.Act.Division D.B.Act.Division 23/10/2023 DBAD/PUB 990.00 658.4 PAU EN-121810 1 990.00 English Books

© Delhi Public Library
Hit Counter
free hit counter